Guess what studio these are from - Statistics

General Stats
  • This quiz has been taken 4 times
  • The average score is 11 of 15
Answer Stats
Question Answer % Correct
Phineas and Ferb Disney
100%
Shrek 3 Dreamworks
100%
Captain underpants: The first epic movie Dreamworks
100%
Dora the explorer Nickelodeon
100%
Spongebob Squarepants Nickelodeon
100%
Dexter's laboratory Cartoon network
67%
The amazing world of Gumball Cartoon network
67%
Apple and onion Cartoon network
67%
Elliott from earth Cartoon network
67%
Foster's home for imaginary friends Cartoon network
67%
Amphibia Disney
67%
Big city greens Disney
67%
The rescuers Disney
33%
The road to El Dorado Dreamworks
33%
Doug Nickelodeon
33%
No matching quizzes found
Score Distribution
Percent of People with Each Score
Percentile by Number Answered
Your Score History
You have not taken this quiz